000 01343nam a2200241Ia 4500
999 _c51101
_d51101
001 18058
003 GE_BSU
005 20241107174039.0
008 181216s1961||||ge |||||||||||||| ||geo||
040 _cGE_BSU
041 _ageo
080 _a811.35'367.3 ჩ-69
100 _aჩიქობავა, არნოლდ
_91234
245 _cსაქ. სსრ მეცნ. აკად., ენის ინ-ტი აკად. ნ. მარის სახელობისა.
_aერგატიული კონსტრუქციის პრობლემა იბერიულ-კავკასიურ ენებში :
_b [ტ. 2], ერგატიული კონსტრუქციის რაობის თეორიები /
264 _aთბილისი :
_b საქ. სსრ მეცნ. აკად. გამ-ბა და სტ.,
_c1961.
300 _a169 გვ. ;
_b26 სმ.
300 _eბიბლიოგრ. შენიშვნებში.
501 _a დამატ. თავფურც. რუს. ენ.
504 _a ბიბლიოგრაფია შენიშვნებში
520 _aრეზუმე რუს. ენ.
653 _aიბერიულ-კავკასიური ენები
942 _cBK
_2udc